<?xml version="1.0" encoding="UTF-8"?>
<record
    xmlns:xsi="http://www.w3.org/2001/XMLSchema-instance"
    xsi:schemaLocation="http://www.loc.gov/MARC21/slim http://www.loc.gov/standards/marcxml/schema/MARC21slim.xsd"
    xmlns="http://www.loc.gov/MARC21/slim">

  <leader>01179nam a22001817a 4500</leader>
  <controlfield tag="005">20230615103554.0</controlfield>
  <controlfield tag="008">230614b           ||||| |||| 00| 0 eng d</controlfield>
  <datafield tag="020" ind1=" " ind2=" ">
    <subfield code="a">9780077124731</subfield>
  </datafield>
  <datafield tag="050" ind1=" " ind2=" ">
    <subfield code="a">HB 171.5.B35 (3e)</subfield>
  </datafield>
  <datafield tag="245" ind1=" " ind2=" ">
    <subfield code="a">Economics for business / </subfield>
    <subfield code="c">David Begg et al.</subfield>
  </datafield>
  <datafield tag="250" ind1=" " ind2=" ">
    <subfield code="a">3th ed.</subfield>
  </datafield>
  <datafield tag="260" ind1=" " ind2=" ">
    <subfield code="a">New York:</subfield>
    <subfield code="b">McGraw-Hill Education;,</subfield>
    <subfield code="c">2009.</subfield>
  </datafield>
  <datafield tag="300" ind1=" " ind2=" ">
    <subfield code="a">xxiv,442 p.:</subfield>
    <subfield code="b">ill.:</subfield>
    <subfield code="c">27 cm.</subfield>
  </datafield>
  <datafield tag="500" ind1=" " ind2=" ">
    <subfield code="a">Includes glossary and index</subfield>
  </datafield>
  <datafield tag="505" ind1=" " ind2=" ">
    <subfield code="a">Contents: Section I: Introduction: Economics for business -- Section II: Understanding markets: Consumer in the marketplace -- Firms in the marketplace -- Market in action -- Section III: Competition and profitability: market structure and firm performance -- strategic rivalry -- Growth strategies -- Governing business -- Section IV: Domestic macroeconomics: Introduction to the macroeconomy --  Measuring macroeconomic variables and policy issues -- Expenditure and fiscal policy -- Money, banking and interest -- Supply side policies and economic growth -- Section V: Global economics: Exchange rates and the balance of payments -- Globalization.    </subfield>
  </datafield>
  <datafield tag="700" ind1=" " ind2=" ">
    <subfield code="a">Ward, Damian.</subfield>
    <subfield code="9">1633</subfield>
  </datafield>
  <datafield tag="942" ind1=" " ind2=" ">
    <subfield code="2">lcc</subfield>
    <subfield code="c">BK</subfield>
    <subfield code="h">HB171.5.B35(3e)</subfield>
  </datafield>
  <datafield tag="999" ind1=" " ind2=" ">
    <subfield code="c">9681</subfield>
    <subfield code="d">17181</subfield>
  </datafield>
  <datafield tag="952" ind1=" " ind2=" ">
    <subfield code="0">0</subfield>
    <subfield code="1">0</subfield>
    <subfield code="2">lcc</subfield>
    <subfield code="4">0</subfield>
    <subfield code="7">0</subfield>
    <subfield code="a">WIUC-1</subfield>
    <subfield code="b">WIUC-1</subfield>
    <subfield code="c">GEN</subfield>
    <subfield code="d">2023-06-14</subfield>
    <subfield code="o">HB171.5.B35(3e)</subfield>
    <subfield code="p">9475/176/23</subfield>
    <subfield code="r">2023-06-14 00:00:00</subfield>
    <subfield code="t">1</subfield>
    <subfield code="w">2023-06-14</subfield>
    <subfield code="y">BK</subfield>
  </datafield>
  <datafield tag="952" ind1=" " ind2=" ">
    <subfield code="0">0</subfield>
    <subfield code="1">0</subfield>
    <subfield code="2">lcc</subfield>
    <subfield code="4">0</subfield>
    <subfield code="7">0</subfield>
    <subfield code="a">WIUC-1</subfield>
    <subfield code="b">WIUC-1</subfield>
    <subfield code="c">GEN</subfield>
    <subfield code="d">2023-06-14</subfield>
    <subfield code="o">HB171.5.B351(3e)</subfield>
    <subfield code="p">9476/177/23</subfield>
    <subfield code="r">2023-06-14 00:00:00</subfield>
    <subfield code="t">2</subfield>
    <subfield code="w">2023-06-14</subfield>
    <subfield code="y">BK</subfield>
  </datafield>
  <datafield tag="952" ind1=" " ind2=" ">
    <subfield code="0">0</subfield>
    <subfield code="1">0</subfield>
    <subfield code="2">lcc</subfield>
    <subfield code="4">0</subfield>
    <subfield code="7">0</subfield>
    <subfield code="a">WIUC-1</subfield>
    <subfield code="b">WIUC-1</subfield>
    <subfield code="c">GEN</subfield>
    <subfield code="d">2023-06-14</subfield>
    <subfield code="o">HB171.5.B352(3e)</subfield>
    <subfield code="p">9477/178/23</subfield>
    <subfield code="r">2023-06-14 00:00:00</subfield>
    <subfield code="t">3</subfield>
    <subfield code="w">2023-06-14</subfield>
    <subfield code="y">BK</subfield>
  </datafield>
</record>
